THE CLIMATIC WATER BUDGET IN ENVIRONMENTAL ANALYSIS (Record no. 2175)
[ view plain ]
| 000 -LEADER | |
|---|---|
| fixed length control field | 00309nam a22001097a 4500 |
| 008 - FIXED-LENGTH DATA ELEMENTS--GENERAL INFORMATION | |
| fixed length control field | 150904b xxu||||| |||| 00| 0 eng d |
| 020 ## - INTERNATIONAL STANDARD BOOK NUMBER | |
| International Standard Book Number | 0669020877 |
| 082 ## - | |
| Classification number | 551.48 MAT |
| 100 ## - MAIN ENTRY--PERSONAL NAME | |
| Personal name | MATHER,JOHN R. |
| 245 ## - TITLE STATEMENT | |
| Title | THE CLIMATIC WATER BUDGET IN ENVIRONMENTAL ANALYSIS |
| 260 ## - PUBLICATION, DISTRIBUTION, ETC. (IMPRINT) | |
| Place of publication, distribution, etc. | TORONTO; |
| Name of publisher, distributor, etc. | LEXINGTON BOOKS, |
| Date of publication, distribution, etc. | 1978. |
No items available.
